{"text_format":"3","workbook":"xlsx","n_sheets":1,"sheets":["材料"],"read":"whole","date_system":"1900"}

{"sheet":"材料","index":0,"n_rows":20,"n_cols":6,"rows_kept":20,"merged":[[0,0,0,5],[1,0,1,5],[8,0,8,5],[9,0,9,5],[10,0,10,5]]}
["控制价清单表"]
["隆昌市普润镇2024年度大中型水库移民后期扶持资金年度项目-道路建设项目---材料采购控制价清单"]
["序号","项目名称","计量\n单位","工程数量\n（暂估）","单价\n含税（13%）","合价"]
[1,"碎石","m3",398,105,{"$f":"ROUND(D4*E4,2)","v":41790}]
[2,"商品混凝土 C30","m3",405,417,168885]
[3,"500mm钢筋混凝土过路管","m",13,500,6500]
[4,"其他材料费","项",1,1241.94,1241.94]
[null,"小计",{"$nulls":3},{"$f":"SUM(F4:F7)","v":218416.94}]
["特别说明：本次项目中路面二灰基层，类别无法单独开票，在本次分析中或分包行为中以碎石项来代替"]
["控制价清单表"]
["隆昌市普润镇2024年度大中型水库移民后期扶持资金年度项目-小型水利项目-材料采购"]
["序号","项目名称","计量\n单位","工程数量\n（暂估）","单价\n(含税13%）","合价"]
[1,"釉面砖","m2",53,100,{"$f":"ROUND(D13*E13,2)","v":5300}]
[2,"标砖","千匹",19,420,7980]
[3,"钢材（综合）","T",1.3,4000,5200]
[4,"DN300涵管","m",55,120,6600]
[5,"商品混凝土 C20","m3",15,450,6750]
[6,"商品混凝土 C30","m3",18,480,8640]
[7,"其他材料费","项",1,249.89,249.89]
[null,"小计",{"$nulls":3},{"$f":"SUM(F13:F19)","v":40719.89}]